000 01169 a2200217 4500
001 29000
005 20260407155559.0
008 260407a1943 arg spa d
003 AR-UNSa-BCEJYS
040 _aAR-UNSa-BCEJYS
_bspa
_cAR-UNSa-BCEJYS
080 _a657
_xContabilidad
245 1 0 _aMatemáticas del contador
264 1 _aMéxico :
_bUnión Tipográfica Editorial Hispano-Americana (UTEHA)
_c1943
300 _a323 p.
_c25 cm.
505 _a1. Operaciones aritméticas - 2. Razones y proporciones - 3. Descuentos e interés simple - 4. Introducción al algebra - 5. Ecuaciones algebraicas - 6. Importe futuro y valor actual a interés compuesto - 7. Anualidades - 8. Matemáticas de las liquidaciones de seguros de incendio - 9. Valoración de inversiones - 10. Logaritmos - 11. Aplicación de los logaritmos a los cálculos matemáticos de las inversiones - 12. Inventarios - 13. Análisis de estados financieros - 14. Control de la exactitud en contabilidad - 15. Matemáticas de la depreciación
041 _aspa
942 _cBK
590 _aniveau_biblio:m niveau_hierar:0
100 1 _aSpecthrie, Samuel Waldo
700 1 _aDiez Barroso, Fernando
999 _c1785
_d1785